| 000 | 01501nam a22003257a 4500 | ||
|---|---|---|---|
| 003 | OSt | ||
| 005 | 20240530110427.0 | ||
| 008 | 150325s2012 pauao f 001 0 eng d | ||
| 020 | _a9781455703203 | ||
| 040 |
_aEG-CaGPL _cEG-CaGPL |
||
| 082 | 0 | 4 |
_221 _a616.23071\ _bC B |
| 245 | 0 | 0 |
_aBronchoscopy and central airway disorders : _ba patient-centered approach / _c[edited by] Henri Colt, Septimiu Murgu. |
| 250 | _a1st ed. | ||
| 260 |
_aPhiladelphia : _bElsevier/Saunders, _c2012. |
||
| 300 |
_a1 online resource (xix, 390 p.) : _bill. col. : _c28 cm. |
||
| 500 | _a"Expert Consult." | ||
| 504 | _aIncludes bibliographical references and index. | ||
| 505 | _aSection 1. Practical approach to benign exophytic airway obstruction -- section 2. Practical approach to benign traheal stenosis -- section 3. Practical approach to expiratory central airway collapse -- section 4. Practical approach to mediastinal lymphadenopathy (EBUS and alternatives) -- section 5. Practical approach to malignant central airway obstruction -- section 6. Practical approach to other central airway disease processes -- section 7. | ||
| 650 | 0 | _aBronchoscopy. | |
| 650 | 0 |
_aBronchi _xDiseases. |
|
| 650 | 0 |
_aRespiratory organs _xObstructions |
|
| 650 | 0 |
_aAirway Obstruction _xsurgery. |
|
| 650 | 0 |
_aBronchial Diseases _xsurgery. |
|
| 650 | 0 |
_aBronchoscopy _xmethods. |
|
| 650 | 0 |
_aBronchi _xSurgery. |
|
| 655 | _aElectronic books. | ||
| 700 | 1 | _aColt, Henri G. | |
| 700 | 1 | _aMurgu, Septimiu. | |
| 942 |
_2ddc _cBK |
||
| 999 |
_c60770 _d60770 |
||